00497 2200193 4500001002100000005001500021035002000036007000300056008004100059020001800100082000800118084001400126100003300140245005800173250001000231260002300241300002400264990001500288INLIS00000000000066620171012024620 a0010-1017000220ta171012 f 0 ind  a979-25-2041-4 a297 a297 DAR s0 aDarsim Rmaya Imam Fajaruddin1 aSaat Birahi Menyapamu /cDarsim Rmaya Imam Fajaruddin aCet.1 aSolo :bMiz,c2006 a116hlm ;c12 x 18cm a626 204 10